| 000 | 00765cam a2200241 a 4500 | ||
|---|---|---|---|
| 999 |
_c128621 _d128621 |
||
| 001 | 2898532 | ||
| 003 | ARRUPE | ||
| 005 | 20181122091509.0 | ||
| 008 | 870127s1986 enk d 001 0 eng | ||
| 010 | _a 87106737 | ||
| 020 |
_a0241118514 : _c£12.95 |
||
| 040 |
_aDLC _cDLC _dDLC |
||
| 050 | 0 | 0 |
_aREF. PE3721 _b.G684 1986 |
| 082 | 0 | 0 |
_a427/.09 _219 |
| 100 | 1 |
_aGreen, Jonathon, _d1948- _943570 |
|
| 245 | 1 | 4 |
_aThe slang thesaurus / _cJonathon Green. |
| 260 |
_aLondon : _bPenguin Books, _c1986. |
||
| 300 |
_axiv, 280 p. ; _c23 cm. |
||
| 500 | _aIncludes index. | ||
| 650 | 0 |
_aEnglish language _xSlang _vDictionaries. _943571 |
|
| 650 | 0 |
_aEnglish language _xSynonyms and antonyms. _929295 |
|
| 906 |
_a7 _bcbc _corignew _d2 _encip _f19 _gy-gencatlg |
||
| 942 |
_2lcc _cREFERENCE |
||